01008nam a2200241 a 450000100060000000300080000600500170001400800410003103500190007203500110009104000320010204100080013408200260014210000210016824503360018926000280052530000340055350400500058765100350063765100330067270000180070583000430072370215BD-RjUL20211209081957.0170416s1960 ne b 001 0 eng d a(BD-RjUL)70429 a621161 aANLbengcANLdVDUdBD-RjUL aeng 223a910.954bAHI 19600 aAhmad, S Maqbul 10aIndia and the neighbouring territories in the Kitab nuzhat al-Musht aq fi'Khtiraq al-'afaq of al-Sharif al-Idrisi :ba translation, with commentary, of the passages relating to India, Pakistan, Ceylon, parts of Afghanistan, and the Andaman, Nicobar, and Maldive Islands, etc. /cby S. Maqbul Ahmad ; with a foreword by V. Minorsky. aLeiden :bBrill,c1960. axii, 182 p. :bill. ;c24 cm. aIncludes bibliographical references and index 0aIndiaxDescription and travel. 0aIndiaxHistorical geography.0 aMinorsky, V.  aPublication of the De Goeje Fund ;v20